000 01213nam0a22002891 4500
001 rc\2194891
005 20260407025516.0
035 _a(NLR Aleph) 006510617
090 _a6326412
_c6326412
100 _a20110829d1978 |||y0rusy50 ca
101 0 _arus
102 _aRU
105 _ay c |||||
200 1 _aМетодические указания по бонитировке почв кормовых угодий Азербайджанской ССР
_fАН АзССР, Ин-т почвоведения и агрохимии
_g[Разраб. М.Э. Салаевым, Ш.Г. Гасановым, Р.А. Алиевой, Г.Ш. Мамедовым]
210 _aБаку
_cЭлм
_d1978
215 _a37 с.
_d20
606 _aЛуга и пастбища
_xПочвы
_xОценка
_yАзССР
_2psbo
702 1 _aАлиева
_bР.А.
_4220
702 1 _aМамедов
_bГ.Ш.
_4220
702 1 _aГасанов
_bШ.Г.
_4220
702 1 _aСалаев
_bМ.Э.
_4220
712 0 2 _aИнститут почвоведения и агрохимии
_cБаку
_3RU\NLR\AUTH\8810011308
_9520323
801 0 _aRU
_bNLR
_gpsbo
801 1 _aRU
_bELAR
_2rusmarc
852 _aNLR
_j78-4/17844
942 _cBOOK
980 _aNB